00155nam a22000737a 4500003000400000245004900004260002000053300000800073SGT aInternational Journal of Pediatric Dentistry bBlackwellc2007 a458